The Random Quiz - Statistics

General Stats
  • This quiz has been taken 15 times
  • The average score is 9 of 15
Answer Stats
Question Answer % Correct
How many eyes does a Tarantula have? 8
92%
How old was John F Kennedy when he was assassinated? 46
83%
What sportswear brand sponsors Lionel Messi? Adidas
75%
What is the name of the mythical, ape-like creature from Himalayan folklore? Yeti
75%
How many Champions League trophies have Real Madrid Football Club won? 15
67%
What temperature does water freeze at in fahrenheit? 32
67%
What company can the first car ever made be traced to? Mercedes Benz
67%
Which city in Japan first sold ramen? Tokyo
67%
What does the acronym "iykyk" stand for? if you know you know
50%
Who won the 2024 men's Australian Open? Jannik Sinner
50%
What country is the only one with a gun on it's national flag? Mozambique
50%
What movie currently (2025) sits as the highest rated movie according to website IMDB? The Shawshank Redemption
33%
What year did Van Gogh die? 1890
25%
What is the first name of the main character in the show Attack on Titan? Eren
25%
What country (as of 2024) produces the most silver? Mexico
25%
No matching quizzes found
Score Distribution
Percent of People with Each Score
Percentile by Number Answered
Your Score History
You have not taken this quiz